| 000 | 00368pab a2200133 454500 | ||
|---|---|---|---|
| 008 | 180718b xxu||||| |||| 00| 0 eng d | ||
| 100 | _aHarisalo, Risto | ||
| 245 | _aPowershift in democracy, public services and local government | ||
| 650 | _a Local Government | ||
| 650 | _a Democracy | ||
| 650 | _aPublic Service | ||
| 773 | _aLocal Government Studies | ||
| 909 | _a24238 | ||
| 999 |
_c24238 _d24238 |
||